00991cam a22002771 450000100060000000300080000600500170001400800410003103500190007204000230009104100080011408200280012224500970015025000120024726000280025930000870028735000090037450000340038350400300041765000190044770000400046690600450050694200120055199900170056395201330058075082BD-RjUL20211209082636.0710519s1968 enkabch b 000 0 eng  a(BD-RjUL)75300 aDLCcDLCdDLCbeng aeng00a551.46162223bOCE 196810aOceans: an atlas-history of man's exploration of the deep /cgeneral editor G. E. R. Deacon. a2nd ed. aLondon,bHamlyn,c1968. a297 p.billus. (some col.), facsims. (some col.), maps (some col.), ports.c29 cm. a30/- aCol. illus. on lining papers. aBibliography: p. 270-273. 0aOcean.9227053 aDeacon, George,d1906-1984.9227055 a7bcbccorignewduencipf19gy-gencatlg 2ddccBK c75082d75082 00102ddc40718NFICaRUCLbRUCLcReadingd1973-02-05eBritainl0o551.46162 OCE 1968r2019-01-17 00:00:00tC-1w2019-01-17yBK